Manchester City 2022/23 - Statistiques

Statistiques générales
  • Ce quiz a été pris 136 fois
  • Le résultat moyen est 17 sur 23
Statistiques - réponses
Hint Réponse % Correct
G Ederson
95%
A Erling Haaland
95%
M Bernardo Silva
86%
M Kevin de Bruyne
86%
D Ruben Dias
86%
D Kyle Walker
84%
M Phil Foden
84%
E Pep Guardiola
82%
A Riyad Mahrez
80%
D John Stones
77%
D Nathan Ake
77%
D Joao Cancelo
76%
A Julian Alvarez
75%
M Ilkay Gundogan
73%
M Rodri
72%
D Manuel Akanji
69%
A Jack Grealish
68%
G Stefan Ortega
67%
D Aymeric Laporte
65%
G Scott Carson
50%
M Cole Palmer
49%
M Kalvin Phillips
49%
D Sergio Gomez
45%
Aucun quiz correspondant
Distribution des résultats
% des personnes avec chaque résultat
Percentile par nombre de réponses
Votre historique - résultats
Vous n’avez pas pris ce quiz